• 首页
  • 本馆介绍
  • 公告通知
  • 最新文献
  • 馆藏检索
  • 电子资源
  • 读者导购
  • 参考咨询
  • 我的图书馆
  • 登录
  • 详细信息显示
  • 放入我的书架
  • 预约/预借图书
  • 作者相关作品
  • 分类相关作品
  • 丛书相关作品
  • 出版社相关作品

书目信息

  • 表格格式
  • 工作单格式
  • 卡片格式
题名:
大学军事教程
    
 
作者: 庞民 主编
分册:  
出版信息: 呼和浩特   内蒙古大学出版社  2005
页数: 233页
开本: 23cm
丛书名:
单 册:
中图分类: E0-43
科图分类:
主题词: 军事科学--高等学校--教材 , 军事科学
电子资源:
ISBN: 978-7-81074-827-8
000 00778nam0 2200253 450
001 003000721
005 20110410104749.23
010    @a978-7-81074-827-8@dCNY18.00
100    @a20100913d2005 em y0chiy0110 ea
101 0  @achi
102    @aCN@b150000
105    @aa z 000yy
200 1  @a大学军事教程@Ada xue jun shi jiao cheng@f庞民主编
210    @a呼和浩特@c内蒙古大学出版社@d2005
215    @a233页@c图@d23cm
300    @a21世纪高等院校教材
330    @a本书包括:中国人民解放军共同条令、轻武器射击、定向运动、中国国防、军事思想、世界军事、军事高技术、高技术战争8章。
606 0  @a军事科学@x高等学校@j教材
606 0  @a军事科学
690    @aE0-43@v5
701  0 @a庞民@Apang min@4主编
801 0  @c20110410
905    @aBZT@dE0-43@e3
906    @dCNY18.00@n0@r1
    
    大学军事教程/庞民主编.-呼和浩特:内蒙古大学出版社,2005
    233页:图;23cm
    21世纪高等院校教材
    
    ISBN 978-7-81074-827-8:CNY18.00
    本书包括:中国人民解放军共同条令、轻武器射击、定向运动、中国国防、军事思想、世界军事、军事高技术、高技术战争8章。
●
相关链接 在五车中查询图书 在当当中查询图书 在豆瓣中查询图书


正题名:大学军事教程     索取号:E0-43/3         预约/预借

序号 登录号 条形码 馆藏地/架位号 状态 备注
1 764268   2000764268   中心书库北库/ 北库004架A面5列6层34/ [索取号:E0-43/3] 在馆    
2 764269   2000764269   中心书库北库/ 北库004架A面5列6层31/ [索取号:E0-43/3] 在馆    
3 764270   2000764270   中心书库北库/ 北库004架A面5列6层33/ [索取号:E0-43/3] 在馆    
4 764271   2000764271   中心书库北库/ 北库004架A面5列6层32/ [索取号:E0-43/3] 在馆    
5 764272   2000764272   中心书库北库/ 北库004架A面5列6层30/ [索取号:E0-43/3] 在馆    
6 764273   2000764273   中心书库北库/ 北库004架A面5列6层29/ [索取号:E0-43/3] 在馆    
7 764274   2000764274   中心书库北库/ 北库004架A面5列6层28/ [索取号:E0-43/3] 在馆    
8 764275   2000764275   中心书库北库/ 北库004架A面5列6层27/ [索取号:E0-43/3] 在馆    
9 764276   2000764276   中心书库北库/ 北库004架A面5列6层36/ [索取号:E0-43/3] 在馆    
10 764277   2000764277   中心书库北库/ 北库004架A面5列6层35/ [索取号:E0-43/3] 在馆    
山东省滨州职业学院图书馆 欢迎您!
大连网信软件有限公司© 版权所有